000 01025nam a22002897a 4500
003 DO-SdBPM
005 20250114092323.0
008 171109b 2005 sp 00| 0 spa d
020 _a9788495349200
040 _aDO-SdBPM
_bspa
_cBPMSU
082 4 _a863.3
_bC419i 2005
_222
100 1 _aCervantes Saavedra, Miguel de,
_d1547-1616.
_935
245 1 3 _aEl ingenioso hidalgo Don Quijote de la Mancha /
_cMiguel de Cervantes Saavedra
_b
246 1 4 _aObras completas de Miguel de Cervantes.
260 _aZaragoza, España :
_bAneto Publicaciones,
_c2005.
300 _av. ;
_c18 cm.
500 _aEdición conmemorativa del IV Centenario de don Quijote de la Mancha
590 _6Inventariado, 2023/VM
600 1 4 _aCervantes Saavedra, Miguel de,
_d1547-1616.
_935
650 4 _aNovela española
650 4 _aPoesía española.
650 4 _aCuentos de aventuras.
650 4 _aCaballeros y caballería
_vNovela.
650 4 _aLiteratura española
910 _aVMateo V. Control de calidad. BPMSU
942 _2ddc
_cBK
999 _c12825
_d12825